000 01345cam a2200349 i 4500
001 200449837
003 TR-AnTOB
005 20250115151904.0
007 ta
008 200225t20192019tu 000 0 tur
020 _a9789752449589
040 _aB9K
_beng
_erda
_cB9K
_dTR-AnTOB
041 0 _atur
043 _aa-tu---
050 1 4 _aKKX1749
_b.E7332 2019
090 _aKKX1749
_b.E7332 2019
100 1 _aErcan Özler, Meltem
_eauthor
_9138839
245 1 0 _aMedenî usûl hukukunda dava konusu /
_cDr. Meltem Ercan Özler.
250 _a1. baskı Aralık 2019
264 1 _aİstanbul :
_bOnİki Levha Yayıncılık,
_c2019.
264 4 _c©2019
300 _axxviii, 603 pages ;
_c24 cm
336 _atext
_2rdacontent
_btxt
337 _aunmediated
_2rdamedia
_bn
338 _avolume
_2rdacarrier
_bnc
490 0 _aOniki Levha Yayıncılık ;
_vyayın no: 1283
505 2 _aBirinci bölüm: Dava konusu ile ilgili temel kavramlar ve dava konusunun teorik temelleri -- İkinci bölüm: Dava konusunun dava dilekçesi ve dava türleri bakimindan değerlendirilmesi -- Üçüncü bölüm: Dava konusunun medeni usul hukukunun çeşitli kurumlari bakimindan değerlendirilmesi.
650 7 _aMedeni usul
_zTürkiye
_2etuturkob
_9115852
650 0 _aDavalar ve savunmalar
_928784
942 _2lcc
_cBK
999 _c200449837
_d68049